000 00309nam a22001337a 4500
008 170601b xxu||||| |||| 00| 0 eng d
020 _at 7404
041 _aeng
080 _a94(7/8)
100 _a17
101 _aSHH
245 _aPICTORIAL HISTORY OF THE AMERICAN PEOPLE
_cSLOSSON, P.W
942 _2udc
_cBK
999 _c15435
_d15435